<?xml version="1.0" encoding="UTF-8"?><?xml-stylesheet type="text/xsl" href="static/style.xsl"?><OAI-PMH xmlns="http://www.openarchives.org/OAI/2.0/" xmlns:xsi="http://www.w3.org/2001/XMLSchema-instance" xsi:schemaLocation="http://www.openarchives.org/OAI/2.0/ http://www.openarchives.org/OAI/2.0/OAI-PMH.xsd"><responseDate>2026-04-18T05:55:27Z</responseDate><request verb="GetRecord" identifier="oai:www.recercat.cat:10459.1/71322" metadataPrefix="marc">https://recercat.cat/oai/request</request><GetRecord><record><header><identifier>oai:recercat.cat:10459.1/71322</identifier><datestamp>2024-12-05T21:47:59Z</datestamp><setSpec>com_2072_3622</setSpec><setSpec>col_2072_479130</setSpec></header><metadata><record xmlns="http://www.loc.gov/MARC21/slim" xmlns:dcterms="http://purl.org/dc/terms/" xmlns:xsi="http://www.w3.org/2001/XMLSchema-instance" xmlns:doc="http://www.lyncode.com/xoai" xsi:schemaLocation="http://www.loc.gov/MARC21/slim http://www.loc.gov/standards/marcxml/schema/MARC21slim.xsd">
   <leader>00925njm 22002777a 4500</leader>
   <datafield ind2=" " ind1=" " tag="042">
      <subfield code="a">dc</subfield>
   </datafield>
   <datafield ind2=" " ind1=" " tag="720">
      <subfield code="a">Visa Pretel, Anna</subfield>
      <subfield code="e">author</subfield>
   </datafield>
   <datafield ind2=" " ind1=" " tag="260">
      <subfield code="c">2021-05-21T11:01:11Z</subfield>
   </datafield>
   <datafield ind2=" " ind1=" " tag="260">
      <subfield code="c">2022-03-26T01:00:08Z</subfield>
   </datafield>
   <datafield ind2=" " ind1=" " tag="260">
      <subfield code="c">2021-03-26</subfield>
   </datafield>
   <datafield ind2=" " ind1=" " tag="520">
      <subfield code="a">Els canals de calci tipus T (TTCCs), inicialment identificats en cèl·lules excitables, tenen una funció rellevant en cèl·lules no excitables on la seva expressió es troba augmentada en la fase G1-S del cicle cel·lular. En les cèl·lules tumorals, amb potencials de membrana més despolaritzats, hem estimat que els TTCCs que participen en els corrents són un 1% dels presents a la membrana, els quals estan permanentment oberts.&#xd;
En aquest treball hem estudiat el mecanisme pel qual l'atac dels TTCCs (per medis farmacològics o gènics) indueix la mort de cèl·lules de glioblastoma. Així, hem discernit efectes "on-target" i "off-target" i quin paper hi juguen sobre la viabilitat cel·lular.&#xd;
Els resultats obtinguts indiquen una sortida de calci del Reticle Endoplàsmic quan s'usa un inhibidor farmacològic dels TTCCs, que condueix a l’activació d’una complexa cascada senyalitzadora que implica l’UPR (Unfolded Protein Response) i l’autofàgia, culminant en apoptosi.&#xd;
L’estudi de l’efecte específic emprant shRNAs contra les isoformes Cav3.1 i Cav3.2 mostra una afectació de la supervivència en línies cel·lulars i el model de neuroesfera, una disminució del creixement tumoral en el model in vivo de xenografts murins i una parada proliferativa en cultius primaris de pacients de glioblastoma. En conjunt, les dades reforcen la idea de que els TTCCs poden ésser una diana terapèutica interessant en el tractament del glioblastoma.</subfield>
   </datafield>
   <datafield ind2=" " ind1=" " tag="520">
      <subfield code="a">Los canales de calcio tipo T (TTCCs), inicialmente identificados en células excitables, tienen una función relevante en células no excitables donde su expresión se encuentra aumentada en la fase G1-S del ciclo celular. En células tumorales, con potenciales de membrana más despolarizados, hemos estimado que los TTCCs que participan en las corrientes son un 1% de las presentes en la membrana, los cuales están permanentemente abiertos. &#xd;
En este trabajo hemos estudiado el mecanismo por el cual el ataque de los TTCCs (por medios farmacológicos o génicos) induce muerte en células de glioblastoma. Así, hemos discernido efectos “on-target”  y “off-target” y qué papel juegan sobre la viabilidad celular.&#xd;
Los resultados obtenidos indican una salida de calcio del Retículo Endoplásmico cuando se usa un inhibidor farmacológico de los TTCCs, que conducen a la activación de una compleja cascada señalizadora que implica la UPR (Unfolded Protein Response) y la autofagia, culminando en apoptosis. &#xd;
El estudio de los efectos específicos usando shRNAs contra las isoformas Cav3.1 y Cav3.2 muestra una afectación de la supervivencia en líneas celulares y modelos de neuroesfera, una disminución del crecimiento tumoral en el modelo in vivo de xenografts murinos y una parada proliferativa en cultivos primarios de pacientes de glioblastoma. En conjunto, los datos refuerzan la idea de que los TTCCs pueden ser una diana terapéutica interesante en el tratamiento del glioblastoma.</subfield>
   </datafield>
   <datafield ind2=" " ind1=" " tag="520">
      <subfield code="a">T-Type Calcium Channels (TTCCs) were first identified in excitable cells. However, they also play a prominent function in non-excitable cells, with increased expression during G1-S transition of the cell cycle. In tumour cells, which typically show more depolarized membrane potentials, we have estimated that approximately a fraction of 1% of TTCCs expressed at the plasma membrane is permanently open.&#xd;
In the present work, we have studied the mechanisms by which targeting TTCCs (by pharmacological or genetic approaches) induces the death of glioblastoma cells. We have discriminated between on-target and off-target effects and their roles in the cellular viability.&#xd;
Results indicate that the pharmacological block of TTCCs induces calcium release from the Endoplasmic Reticulum, which triggers an intricate signalling pathway involving the UPR (Unfolded Protein Response) and autophagy that culminates in apoptosis.&#xd;
The study of on-target effects using shRNAs against Cav3.1 and Cav3.2 isoforms shows that cell survival was affected in glioblastoma cell lines and in a neurosphere model. In addition, tumour growth was reduced in vivo in mouse xenografts and a proliferative arrest has also been described in primary cultures derived from glioblastoma biopsies. Taken together, our data highlights the value of TTCCs as therapeutic targets in glioblastoma.</subfield>
   </datafield>
   <datafield ind1="8" ind2=" " tag="024">
      <subfield code="a">http://hdl.handle.net/10459.1/71322</subfield>
   </datafield>
   <datafield tag="653" ind2=" " ind1=" ">
      <subfield code="a">Canals de Calci tipus T</subfield>
   </datafield>
   <datafield tag="653" ind2=" " ind1=" ">
      <subfield code="a">Glioblastoma</subfield>
   </datafield>
   <datafield tag="653" ind2=" " ind1=" ">
      <subfield code="a">Estrès de Reticle Endoplasmàtic</subfield>
   </datafield>
   <datafield tag="653" ind2=" " ind1=" ">
      <subfield code="a">Canales de Calcio tipo T</subfield>
   </datafield>
   <datafield tag="653" ind2=" " ind1=" ">
      <subfield code="a">Estrés de Reticulo Endoplásmico</subfield>
   </datafield>
   <datafield tag="653" ind2=" " ind1=" ">
      <subfield code="a">T-type Calcium channels</subfield>
   </datafield>
   <datafield tag="653" ind2=" " ind1=" ">
      <subfield code="a">Endoplasmic Reticulum stress</subfield>
   </datafield>
   <datafield tag="653" ind2=" " ind1=" ">
      <subfield code="a">Biologia Cel·lular</subfield>
   </datafield>
   <datafield tag="653" ind2=" " ind1=" ">
      <subfield code="a">576</subfield>
   </datafield>
   <datafield ind2="0" ind1="0" tag="245">
      <subfield code="a">Valoració dels canals tipus T com a diana terapèutica en el glioblastoma: silenciament gènic versus bloqueig farmacològic</subfield>
   </datafield>
</record></metadata></record></GetRecord></OAI-PMH>